[Event "GER-chT U12"]
[Site "Verden"]
[Date "2004.12.30"]
[Round "7.1"]
[White "Mijatovic, Andrea"]
[Black "Schroedter, Thomas"]
[Result "0-1"]
[WhiteElo "1299"]
[BlackElo "1769"]
[PlyCount "50"]
[EventDate "2004.12.27"]
[EventType "team-swiss"]
[EventRounds "7"]
[EventCountry "GER"]
[SourceTitle "EXT 2006"]
[Source "ChessBase"]
[SourceDate "2005.11.24"]
[SourceVersion "1"]
[SourceVersionDate "2005.11.24"]
[SourceQuality "1"]

1. e4 c5 2. Nf3 Nc6 3. d4 cxd4 4. Nxd4 Nf6 5. Nc3 e5 6. Ndb5 d6 7. Bg5 a6 8. Na3 b5 9. Bxf6 gxf6 10. Nd5 Bg7 11. c3 f5 12. exf5 Bxf5 13. Nc2 0-0 14. g3 Be4 15. f3 Bxd5 16. Qxd5 Ne7 17. Qb7 d5 18. Bg2 Qd6 19. Bh3 f5 20. Ne3 Rfb8 21. Qxa8 Rxa8 22. Bxf5 Qb6 23. Ke2 Bh6 24. f4 exf4 25. gxf4 Bxf4 0-1

[Event "GER-chT U12"]
[Site "Verden"]
[Date "2004.12.29"]
[Round "6.1"]
[White "Schroedter, Thomas"]
[Black "Steinbach, Ulrich"]
[Result "1/2-1/2"]
[WhiteElo "1769"]
[BlackElo "1470"]
[PlyCount "40"]
[EventDate "2004.12.27"]
[EventType "team-swiss"]
[EventRounds "7"]
[EventCountry "GER"]
[SourceTitle "EXT 2006"]
[Source "ChessBase"]
[SourceDate "2005.11.24"]
[SourceVersion "1"]
[SourceVersionDate "2005.11.24"]
[SourceQuality "1"]

1. d4 Nf6 2. Bg5 e6 3. e3 Nc6 4. Nf3 Be7 5. Nbd2 0-0 6. c3 b6 7. Bd3 Bb7 8. 0-0 h6 9. Bh4 d6 10. Qc2 Nd7 11. Bxe7 Nxe7 12. Rfe1 Rc8 13. Rac1 c5 14. Qa4 Bc6 15. Bb5 Bxb5 16. Qxb5 Qc7 17. Qe2 d5 18. Nb3 c4 19. Nbd2 b5 20. e4 Nb6 1/2-1/2

[Event "GER-chT U12"]
[Site "Verden"]
[Date "2004.12.28"]
[Round "3.1"]
[White "Neukoetter, Max"]
[Black "Schroedter, Thomas"]
[Result "0-1"]
[WhiteElo "1601"]
[BlackElo "1769"]
[PlyCount "46"]
[EventDate "2004.12.27"]
[EventType "team-swiss"]
[EventRounds "7"]
[EventCountry "GER"]
[SourceTitle "EXT 2006"]
[Source "ChessBase"]
[SourceDate "2005.11.24"]
[SourceVersion "1"]
[SourceVersionDate "2005.11.24"]
[SourceQuality "1"]

1. e4 c5 2. Nc3 Nc6 3. g3 g6 4. Bg2 Bg7 5. d3 Rb8 6. Be3 b5 7. Bxc5 b4 8. Nce2 Bxb2 9. Rb1 Bg7 10. d4 Qa5 11. Rb2 d6 12. e5 Bd7 13. exd6 Rb5 14. Rb1 b3+ 15. c3 bxa2 16. Ra1 exd6 17. Bxd6 Nxd4 18. Nxd4 Qxc3+ 19. Kf1 Qc4+ 20. Nge2 Bxd4 21. Rc1 a1Q 22. Rxa1 Bxa1 23. Qxa1 Qd3 0-1

[Event "GER-ch U12"]
[Site "Willingen"]
[Date "2004.06.02"]
[Round "8"]
[White "Mihok, Oliver"]
[Black "Schroedter, Thomas"]
[Result "1/2-1/2"]
[WhiteElo "2074"]
[BlackElo "1827"]
[PlyCount "77"]
[EventDate "2004.06.??"]
[EventType "swiss"]
[EventRounds "11"]
[EventCountry "GER"]
[SourceTitle "EXT 2005"]
[Source "ChessBase"]
[SourceDate "2004.11.15"]
[SourceVersion "1"]
[SourceVersionDate "2004.11.15"]
[SourceQuality "1"]

1. e4 c5 2. Nf3 Nc6 3. Bb5 Qc7 4. 0-0 a6 5. Bxc6 dxc6 6. h3 e5 7. d3 Bd6 8. Be3 Ne7 9. Nbd2 Ng6 10. Nc4 0-0 11. a4 a5 12. Qd2 b6 13. Qc3 Kh8 14. Nxd6 Qxd6 15. Nd2 Nf4 16. Bxf4 exf4 17. Nf3 Qg6 18. Kh2 Qh5 19. Qe5 Qh6 20. Qg5 Qxg5 21. Nxg5 f6 22. Nf3 Be6 23. h4 Rad8 24. b3 Kg8 25. Ng1 h6 26. g3 fxg3+ 27. Kxg3 f5 28. f3 Rf6 29. Ne2 fxe4 30. fxe4 Rg6+ 31. Kh2 Rg4 32. Rf4 Rf8 33. Rxf8+ Kxf8 34. Rf1+ Ke7 35. Rf4 Kd6 36. Rxg4 Bxg4 37. Nc3 Ke5 38. Kg3 Be6 39. Kf3 1/2-1/2

[Event "GER-ch U12"]
[Site "Willingen"]
[Date "2004.06.01"]
[Round "6"]
[White "Colpe, Malte"]
[Black "Schroedter, Thomas"]
[Result "0-1"]
[WhiteElo "1520"]
[BlackElo "1827"]
[PlyCount "122"]
[EventDate "2004.06.??"]
[EventType "swiss"]
[EventRounds "11"]
[EventCountry "GER"]
[SourceTitle "EXT 2005"]
[Source "ChessBase"]
[SourceDate "2004.11.15"]
[SourceVersion "1"]
[SourceVersionDate "2004.11.15"]
[SourceQuality "1"]

1. d4 Nf6 2. Nf3 e6 3. e3 b6 4. Bd3 Bb7 5. 0-0 Be7 6. c4 c5 7. b3 0-0 8. Bb2 cxd4 9. exd4 d6 10. Nbd2 Nbd7 11. Re1 Rc8 12. Ne4 d5 13. Nxf6+ Nxf6 14. cxd5 Nxd5 15. Be4 Bd6 16. Ne5 Qh4 17. g3 Qe7 18. f4 Bb4 19. Re2 Nc3 20. Bxc3 Bxc3 21. Rc1 Bxd4+ 22. Kg2 Bxe5 23. fxe5 Bxe4+ 24. Rxe4 Qb7 25. Kf3 Rfd8 26. Rxc8 Qxc8 27. Qe2 Qd7 28. a4 Qd3+ 29. Qe3 Kf8 30. h4 Qf1+ 31. Qf2 Rd3+ 32. Re3 Rxe3+ 33. Kxe3 Qxf2+ 34. Kxf2 Ke7 35. Ke3 Kd7 36. Kd4 Kc6 37. b4 b5 38. a5 a6 39. g4 f6 40. exf6 gxf6 41. Ke4 h6 42. Kd4 Kd6 43. Ke4 Kd7 44. Kd4 Kc6 45. Ke4 Kd6 46. h5 Kd7 47. Kf4 Kc6 48. Ke4 Kd6 49. Kd4 e5+ 50. Ke4 Ke6 51. Kf3 f5 52. g5 hxg5 53. Ke3 Kf6 54. Kf3 Kg7 55. Ke3 Kh6 56. Ke2 Kxh5 57. Ke1 Kg4 58. Kf1 Kf3 59. Ke1 e4 60. Kf1 e3 61. Ke1 e2 0-1

[Event "GER-ch U12"]
[Site "Willingen"]
[Date "2004.05.31"]
[Round "4"]
[White "Schroedter, Thomas"]
[Black "Maier, Maximilian"]
[Result "1-0"]
[WhiteElo "1827"]
[BlackElo "1510"]
[PlyCount "119"]
[EventDate "2004.06.??"]
[EventType "swiss"]
[EventRounds "11"]
[EventCountry "GER"]
[SourceTitle "EXT 2005"]
[Source "ChessBase"]
[SourceDate "2004.11.15"]
[SourceVersion "1"]
[SourceVersionDate "2004.11.15"]
[SourceQuality "1"]

1. d4 Nf6 2. Bg5 e6 3. e3 b6 4. Bd3 Bb7 5. Nf3 Be7 6. Nbd2 0-0 7. 0-0 d5 8. Ne5 Nbd7 9. f4 Ne4 10. Bxe7 Qxe7 11. Rf3 f6 12. Nxd7 Qxd7 13. Rh3 Rf7 14. Qe2 g6 15. Rf1 Kf8 16. g4 Ke7 17. Bxe4 dxe4 18. Rg3 b5 19. Nb3 Bc6 20. Nc5 Qd5 21. b3 Rb8 22. g5 fxg5 23. Rxg5 Rf5 24. Qg4 Rbf8 25. Rxf5 Qxf5 26. Qh4+ Ke8 27. Qxh7 Qg4+ 28. Kh1 Kd8 29. Qh6 Rf7 30. Qg5+ Qxg5 31. Nxe6+ Ke7 32. Nxg5 Rf8 33. Kg2 b4 34. Rc1 a5 35. c4 Bb7 36. d5 c6 37. dxc6 Bxc6 38. Rd1 Re8 39. Kg3 Bb7 40. Rd4 Kf6 41. Rd7 Re7 42. Rxe7 Kxe7 43. Kf2 Kf6 44. Ke2 Ke7 45. Kd2 Kf6 46. Kc2 Ke7 47. Kb2 Bc6 48. a3 Kf6 49. axb4 axb4 50. Kc2 Kf5 51. Kd2 Kf6 52. Ke2 Kf5 53. Nf7 Kf6 54. Ne5 Bb7 55. Nd7+ Kf5 56. Nc5 Bc8 57. Kf2 Kg4 58. Nxe4 Bf5 59. Nc5 Kh3 60. e4 1-0

[Event "GER-ch U12"]
[Site "Willingen"]
[Date "2004.05.31"]
[Round "5"]
[White "Schroedter, Thomas"]
[Black "Zelbel, Patrick"]
[Result "0-1"]
[WhiteElo "1827"]
[BlackElo "1618"]
[PlyCount "86"]
[EventDate "2004.06.??"]
[EventType "swiss"]
[EventRounds "11"]
[EventCountry "GER"]
[SourceTitle "EXT 2005"]
[Source "ChessBase"]
[SourceDate "2004.11.15"]
[SourceVersion "1"]
[SourceVersionDate "2004.11.15"]
[SourceQuality "1"]

1. d4 Nf6 2. c4 g6 3. Nc3 Bg7 4. e4 d6 5. Be2 0-0 6. Nf3 e5 7. 0-0 Nc6 8. d5 Ne7 9. Bd2 Ne8 10. Ne1 f5 11. f3 f4 12. Nd3 g5 13. Qc2 h5 14. Nf2 Rf7 15. b4 Bf8 16. c5 Rg7 17. cxd6 cxd6 18. h3 Nf6 19. Qd1 g4 20. fxg4 hxg4 21. Nxg4 Nxg4 22. Bxg4 Bxg4 23. hxg4 Qd7 24. Rf3 Qxg4 25. Qe2 Rh7 26. Rc1 Ng6 27. Be1 Be7 28. Nd1 Qh5 29. Qf1 Qh2+ 30. Kf2 Bh4+ 31. Ke2 Bxe1 32. Kxe1 Nh4 33. Rf2 Rg7 34. Rcc2 Rg3 35. a4 Rf8 36. a5 Rf7 37. Rc1 Kg7 38. Rcc2 Kh6 39. Rc8 Rxg2 40. Rh8+ Rh7 41. Rg8 Rhg7 42. Rh8+ Kg5 43. Rxh4 Kxh4 0-1

[Event "GER-ch U12"]
[Site "Willingen"]
[Date "2004.05.30"]
[Round "3"]
[White "Raykhman, Alexander"]
[Black "Schroedter, Thomas"]
[Result "1/2-1/2"]
[WhiteElo "1609"]
[BlackElo "1827"]
[PlyCount "92"]
[EventDate "2004.06.??"]
[EventType "swiss"]
[EventRounds "11"]
[EventCountry "GER"]
[SourceTitle "EXT 2005"]
[Source "ChessBase"]
[SourceDate "2004.11.15"]
[SourceVersion "1"]
[SourceVersionDate "2004.11.15"]
[SourceQuality "1"]

1. d4 Nf6 2. c4 e6 3. Nc3 Bb4 4. e3 b6 5. Bd3 Bb7 6. f3 c5 7. a3 cxd4 8. exd4 Bxc3+ 9. bxc3 0-0 10. Ne2 d6 11. 0-0 Nbd7 12. Be3 Rc8 13. Qa4 Qc7 14. Rfc1 Rfd8 15. Rab1 Ba8 16. Ng3 d5 17. cxd5 Nxd5 18. Bd2 Bc6 19. Qc2 h6 20. Ne4 N5f6 21. Ba6 Nxe4 22. fxe4 Bb7 23. Bd3 Nf8 24. Qd1 e5 25. d5 Rd6 26. Be1 f5 27. exf5 Bxd5 28. Qe2 Qc6 29. Bb5 Bc4 30. Bxc4+ Qxc4 31. Qxe5 Rd5 32. Qg3 Rxf5 33. Bf2 Rg5 34. Qf3 Ne6 35. Rb4 Qd5 36. Qxd5 Rxd5 37. Re1 Kf7 38. Bd4 Nxd4 39. cxd4 Rcd8 40. Rc1 Rxd4 41. Rxd4 Rxd4 42. Rc7+ Kf6 43. Rxa7 Rd6 44. Kf2 g5 45. a4 Ke5 46. Ke3 Kd5 1/2-1/2

[Event "Berlin-ch U12"]
[Site "Berlin"]
[Date "2004.02.06"]
[Round "8"]
[White "Schroedter, Thomas"]
[Black "Linke, Stefan1111"]
[Result "0-1"]
[WhiteElo "1625"]
[BlackElo "760"]
[PlyCount "89"]
[EventDate "2004.04.??"]
[EventType "tourn"]
[EventRounds "9"]
[EventCountry "GER"]
[SourceTitle "EXT 2005"]
[Source "ChessBase"]
[SourceDate "2004.11.15"]
[SourceVersion "1"]
[SourceVersionDate "2004.11.15"]
[SourceQuality "1"]

1. d4 d5 2. c4 c6 3. Nc3 Nf6 4. cxd5 cxd5 5. Bf4 Nc6 6. Nf3 Bg4 7. Rc1 e6 8. Qa4 Be7 9. Ne5 Qb6 10. Nxc6 Qxc6 11. e3 0-0 12. Qxc6 bxc6 13. Ba6 Bb4 14. 0-0 c5 15. Bd6 Rfe8 16. Bxc5 Bxc5 17. dxc5 Nd7 18. b4 Rab8 19. a3 Bf5 20. Rfd1 Red8 21. Ne2 Ra8 22. Bb7 a5 23. c6 Nb6 24. Bxa8 Rxa8 25. b5 e5 26. Nc3 Be6 27. c7 Rc8 28. Ne4 f5 29. Nd6 Rf8 30. Rc6 Nc8 31. Nxc8 Bxc8 32. Rxd5 Bb7 33. Rd8 Kf7 34. Rxf8+ Kxf8 35. c8Q+ Bxc8 36. Rxc8+ Kf7 37. b6 Ke7 38. b7 Kf6 39. b8R Ke6 40. Rb7 Kf6 41. h4 Ke6 42. Kf1 Kf6 43. Ke2 Ke6 44. Kd3 Kd5 45. Rd7+ 0-1

[Event "Berlin-ch U12"]
[Site "Berlin"]
[Date "2004.02.05"]
[Round "7"]
[White "Mueller, Anna Louise"]
[Black "Schroedter, Thomas"]
[Result "0-1"]
[WhiteElo "1026"]
[BlackElo "1625"]
[PlyCount "106"]
[EventDate "2004.04.??"]
[EventType "tourn"]
[EventRounds "9"]
[EventCountry "GER"]
[SourceTitle "EXT 2005"]
[Source "ChessBase"]
[SourceDate "2004.11.15"]
[SourceVersion "1"]
[SourceVersionDate "2004.11.15"]
[SourceQuality "1"]

1. e4 c5 2. Nf3 Nc6 3. d4 cxd4 4. Nxd4 Nf6 5. Nc3 e5 6. Nf3 Bb4 7. Qd3 d5 8. Bd2 d4 9. Na4 Bxd2+ 10. Nxd2 Be6 11. Qb5 0-0 12. Qxb7 Qd6 13. Qa6 Qc7 14. a3 Rac8 15. Bd3 Bd7 16. Qc4 Qd8 17. Qa2 Nh5 18. Rd1 Qg5 19. 0-0 Bh3 20. g3 Bxf1 21. Nxf1 Qg4 22. Rd2 Kh8 23. Be2 Qg6 24. Bd3 Qg5 25. Rd1 Ne7 26. Kh1 f5 27. exf5 Nf6 28. Qe6 Ng4 29. f6 Nxf2+ 30. Kg2 Qxf6 31. Qxf6 Rxf6 32. Rd2 Nxd3 33. cxd3 Nd5 34. Re2 Rf5 35. g4 Nf4+ 36. Kh1 Nxe2 37. gxf5 Rc1 38. Kg2 Nf4+ 39. Kf2 Nxd3+ 40. Ke2 Nf4+ 41. Kf2 Kg8 42. Nd2 Rc2 43. Ke1 e4 44. Nxe4 Re2+ 45. Kd1 Rxe4 46. Nc5 Re5 47. Nb3 Rxf5 48. Kd2 Rd5 49. Kc2 Kf7 50. Kd2 g5 51. Ke1 Nd3+ 52. Kd2 Nxb2 53. Kc2 d3+ 0-1

[Event "GER-ch U10"]
[Site "Winterberg"]
[Date "2002.05.23"]
[Round "8"]
[White "Schroedter, Thomas"]
[Black "Nuber, Blasius"]
[Result "1/2-1/2"]
[WhiteElo "1248"]
[BlackElo "1239"]
[PlyCount "34"]
[EventDate "2002.05.19"]
[EventType "swiss"]
[EventRounds "11"]
[EventCountry "GER"]
[SourceTitle "CBM 088 Extra"]
[Source "ChessBase"]
[SourceDate "2002.07.01"]
[SourceVersion "2"]
[SourceVersionDate "2002.07.01"]
[SourceQuality "1"]

1. e4 e5 2. Nf3 Nc6 3. Bc4 Nf6 4. d4 exd4 5. 0-0 Bc5 6. Bg5 d6 7. Nbd2 0-0 8. Nb3 Be6 9. Bxe6 fxe6 10. Nxc5 dxc5 11. e5 h6 12. Bh4 g5 13. Bg3 Nh5 14. Qd3 Rf5 15. Rfe1 Qd5 16. Qe2 Raf8 17. Rad1 Nxg3 1/2-1/2

[Event "GER-ch U10"]
[Site "Willingen"]
[Date "2001.06.06"]
[Round "6"]
[White "Geske, Julian"]
[Black "Schroedter, Thomas"]
[Result "1-0"]
[WhiteElo "1323"]
[BlackElo "967"]
[PlyCount "57"]
[EventDate "2001.06.03"]
[EventType "swiss"]
[EventRounds "11"]
[EventCountry "GER"]
[SourceTitle "EXT 2003"]
[Source "ChessBase"]
[SourceDate "2002.11.25"]
[SourceVersion "1"]
[SourceVersionDate "2002.11.25"]
[SourceQuality "1"]

1. e4 c5 2. Nf3 e6 3. d3 d5 4. Nbd2 Nc6 5. g3 d4 6. Bg2 e5 7. Nc4 Bd6 8. a4 Nf6 9. 0-0 Be6 10. Nfd2 0-0 11. h3 Nd7 12. Nxd6 Nb6 13. Nf5 Nb4 14. a5 Nd7 15. Nc4 b6 16. c3 Nc6 17. cxd4 cxd4 18. axb6 axb6 19. Rxa8 Qxa8 20. f4 f6 21. fxe5 fxe5 22. Nfd6 Qb8 23. Qa4 Na7 24. Rxf8+ Kxf8 25. Nb5 Nc8 26. Qb4+ Kg8 27. Ncd6 Nxd6 28. Qxd6 Qe8 29. Nc7 1-0

[Event "GER-ch U10"]
[Site "Willingen"]
[Date "2001.06.03"]
[Round "2"]
[White "Remy, Janina"]
[Black "Schroedter, Thomas"]
[Result "1-0"]
[WhiteElo "1204"]
[BlackElo "967"]
[PlyCount "69"]
[EventDate "2001.06.03"]
[EventType "swiss"]
[EventRounds "11"]
[EventCountry "GER"]
[SourceTitle "EXT 2003"]
[Source "ChessBase"]
[SourceDate "2002.11.25"]
[SourceVersion "1"]
[SourceVersionDate "2002.11.25"]
[SourceQuality "1"]

1. e4 c5 2. Nc3 e6 3. g3 Nc6 4. Bg2 Nf6 5. d3 d5 6. Bf4 d4 7. Nce2 e5 8. Bd2 Be7 9. Nf3 0-0 10. 0-0 Nh5 11. Qc1 f5 12. Bg5 h6 13. Bxe7 Qxe7 14. Qd2 f4 15. c3 Qf6 16. Rad1 Bg4 17. cxd4 cxd4 18. Rc1 Bxf3 19. Bxf3 fxg3 20. fxg3 Qg6 21. Bxh5 Rxf1+ 22. Rxf1 Qxh5 23. Rf2 Qg4 24. Qe1 Qe6 25. b3 a5 26. Qf1 Nb4 27. Nc1 Rc8 28. Rf5 Kh7 29. Ne2 Nxa2 30. Rf7 Nc3 31. Nc1 Nxe4 32. Rxb7 Qc6 33. Qf5+ Kg8 34. Qf7+ Kh8 35. Qxg7# 1-0